[Event "Bundesliga 0304"]
[Site "Germany"]
[Date "2004.03.06"]
[Round "10.6"]
[White "Vaganian, Rafael A"]
[Black "Berg, Emanuel"]
[Result "1-0"]
[WhiteElo "2623"]
[BlackElo "2489"]
[Annotator "Ribli,Z"]
[PlyCount "93"]
[EventDate "2003.11.01"]
[EventType "team-tourn"]
[EventRounds "15"]
[EventCountry "GER"]
[SourceTitle "CBM 100"]
[Source "ChessBase"]
[SourceDate "2004.06.01"]
[SourceVersion "1"]
[SourceVersionDate "2004.06.01"]
[SourceQuality "1"]
[WhiteTeam "Porz"]
[BlackTeam "Hamburger SK"]
[WhiteTeamCountry "GER"]
[BlackTeamCountry "GER"]

1. Nf3 f5 2. g3 {Statt dieser Fortsetzung kann Weiß 2.e4 spielen, was nach 2...
fxe4 3.Ng5 d5 oder 3...Nf6 zu unklarem Spiel führt.} Nf6 (2... g6 {Mit dieser
Zugfolge kann Schwarz die Variante mit c4 und b4 verhindern.}) 3. c4 g6 4. b4
$5 {Weiß folgt der klassischen Partie Reti,R-Capablanca,J (New York 1924), wo
Reti nach 1.Nf3 Nf6 2.c4 g6 die Fortsetzung 3.b4spielte. Die Idee des
Textzuges ist, dass Weiß am Damenflügel Raum gewinnen möchte.} Bg7 5. Bb2 d6 6.
d3 O-O 7. Bg2 e5 8. Nbd2 {Diese Springerentwicklung scheint mir logischer als
8.Nc3, weil die Diagonale des b2-Läufers geöffnet bleibt, aber 8.Nc3 ist auch
gut spielbar.} (8. Nc3 h6 9. O-O Nc6 10. b5 Ne7 11. c5 g5 12. Qb3+ $14) 8...
Qe8 (8... a5 9. a3 (9. b5 Nbd7 (9... e4 10. dxe4 Nxe4 11. Bxg7 Kxg7 12. Nxe4
fxe4 13. Qd4+ Qf6 14. Qxf6+ Rxf6 15. Ng5 e3 16. fxe3 $14) 10. O-O Nc5 11. Nb3
$14) 9... axb4 10. axb4 Rxa1 11. Qxa1 Nc6 $11 (11... Na6 $11)) 9. e3 Nc6 (9...
e4 $1 $13) 10. b5 Nd8 {Der Springer zielt auf das f7-Feld, um den Plan mit
g6-g5 zu unterstützen.} (10... Ne7 11. O-O e4 12. Nd4 (12. Ne1 d5 $13) 12...
exd3 13. Qb3 Ne4 14. Qxd3 Nc5 15. Qc2 $14) 11. O-O Nf7 12. a4 g5 {Weiß hat
fühlbare Initiative am Damenflügel, und so es ist logisch, dass Schwarz sein
Gegenspiel am Königsflügel sucht.} 13. Qc2 Be6 14. c5 $14 {[%cal Gb2a3,Ga3f8]
Weiß hat Raumvorteil und seine Initiative am Damenflügel scheint gefährlich.}
b6 $1 {[%mdl 256] Mit diesem Zug möchte Schwarz die Situation am Damenflügel
klären.} (14... g4 15. Nh4 $14) (14... Nd5 15. Ba3 a6 16. e4 $14) (14... Qe7
15. Rac1 $14) 15. cxd6 (15. c6 $6 a5 $15 {In diesem Fall wird der Damenflügel
geschlossen und Schwarz bekommt freie Hand im Zentrum und am Königsflügel.}) (
15. d4 $6 e4 $15) 15... cxd6 16. Rfc1 {[%cal Gc1c8]} Rc8 17. Qd1 Qd7 $11 (17...
Qe7) 18. e4 Rxc1 (18... f4 $5 19. d4 $13) 19. Rxc1 Rc8 (19... g4 20. Nh4 $13)
20. exf5 Bxf5 21. Nc4 (21. Ne4 Bxe4 (21... Nxe4 22. dxe4 Bxe4 (22... Be6 23. h4
g4 24. Ng5 Nxg5 25. hxg5 $14) 23. Rxc8+ Qxc8 24. Nxg5 Bxg2 (24... Nxg5 25. Bxe4
Nxe4 26. Qd5+ Kh8 27. Qxe4 $14) 25. Nxf7 Kxf7 26. Kxg2 Qc4 27. Qxd6 Qe4+ 28.
Kh3 Qf5+ 29. Kg2 Qe4+ $11) 22. dxe4 Nxe4 23. Qd5 $44) 21... Be6 (21... Bh3 $11)
22. Nfd2 Nd5 (22... Bh3 $11) 23. Ba3 Ne7 24. Ne3 h6 (24... Rxc1 25. Qxc1 d5 $4
26. Bxe7 $18) 25. Rxc8+ Qxc8 26. Qb1 Nf5 (26... Qd7) 27. Nxf5 Bxf5 28. Qb3 $14
{[%csl Ga3,Gb3,Gg2,Rg8][%cal Gb3g8,Ra3d6,Gg2a8] Weiß hat das bessere
Figurenspiel und fühlbaren Druck auf den weißen Feldern. Jetzt droht schon 29.
Bxd6.} Bf8 29. Bd5 Bg6 30. Be4 {[%mdl 32] Eine gute strategische Idee - Weiß
tauscht die dunkelfarbigen Läufer, wonach die dunklen Felder in der schwarze
Stellung sehr schwach werden.} (30. Ne4 $14) (30. Qc4 $14) 30... Kg7 (30...
Bxe4 31. dxe4 $16 {[%csl Yd5,Yf5][%cal Gd2c4,Gc4e3,Ge3d5,Ge3f5]}) 31. Bxg6 Kxg6
32. Qd5 $16 {[%csl Gd5,Rg6][%cal Gd2c4,Gd2e4] Die weiße Dame auf d5 dominiert
auf dem Brett.} Qc3 (32... Qd7 33. Nc4 $16) (32... Qc2 33. Nc4 Qxa4 34. Qe6+
Kg7 35. Ne3 $16) 33. Nc4 Qd4 34. Qe6+ Kg7 35. Ne3 {[%csl Yf5][%cal Re3f5,Rf5d4,
Rf5g7] Der Sieg der weißen Strategie - Schwarz kann seine geschwächten weißen
Felder nicht verteidigen.} Qa1+ 36. Kg2 Qxa3 37. Nf5+ Kg8 38. Qg6+ Kh8 39. Qxf7
$18 {[%csl Gf5,Gf7,Rf8,Rh8]} d5 40. Qxd5 Qxa4 (40... Bg7 41. Nxg7 Kxg7 42.
Qxe5+ $18) 41. Qxe5+ Kh7 42. Qf6 Qb4 43. Qf7+ Kh8 44. h3 (44. d4 $18) 44... Qc5
45. d4 Qb4 46. g4 Qa3 47. h4 1-0

[Event "Monarch Assurance 08th"]
[Site "Port Erin"]
[Date "1999.11.13"]
[Round "8"]
[White "Lalic, Bogdan"]
[Black "Rowson, Jonathan"]
[Result "1-0"]
[WhiteElo "2550"]
[BlackElo "2490"]
[Annotator "Ribli,Z"]
[PlyCount "83"]
[EventDate "1999.11.06"]
[EventType "swiss"]
[EventRounds "9"]
[EventCountry "IOM"]
[SourceTitle "CBM 074"]
[Source "ChessBase"]
[SourceDate "2000.02.01"]
[SourceVersion "1"]
[SourceVersionDate "2000.02.01"]
[SourceQuality "1"]

{[%mdl 8200]} 1. c4 g6 2. e4 e5 {Das ist die prinzipielle Fortsetzung. Nach 2..
.Bg7 3.d4 muss Schwarz die Königsindische oder die Moderne Verteidigung
spielen.} 3. Nf3 (3. Nc3 Bg7 4. g3 Nc6 5. Bg2 {Siehe A 26}) 3... Bg7 4. d4 exd4
5. Nxd4 Nf6 6. e5 $5 {Eine direkte Fortsetzung statt des üblichen 6.Nc3. Ich
bin nicht überzeugt, dass dieser Zug besser ist.} (6. Nc3 O-O 7. Be2 Re8 8. f3
c6 9. Nc2 (9. Nb3 a5 10. a4 Na6 11. O-O Nb4 12. Bg5 h6 13. Bh4 d5 14. exd5 cxd5
15. c5 g5 16. Bf2 Bf5 17. Qd2 Nd7 18. Nb5 {1-0 Lautier,J-Huzman,A/Albufeira
Algarve POR 1999 (34)}) (9. Bg5 h6 10. Bh4 d5 11. cxd5 cxd5 12. exd5 g5 13. Bf2
Nxd5 14. Ndb5 Be6 15. O-O Nc6 16. Nxd5 Bxd5 17. Nc3 Be6 {0-1 David,P-Adorjan,A/
Zalaegerszeg 1991/EXT 97 (38)}) 9... d5 $1 10. cxd5 cxd5 11. O-O $6 $146 (11.
Bg5 h6 12. Bxf6 Qxf6 13. Qxd5 Be6 14. Qb5 Nc6 15. O-O Nd4 $1 $44 {Gross,
S-Stohl,I/Rimavska Sobota/1991/CBM24/Inf52,14/}) 11... dxe4 12. Qxd8 Rxd8 13.
fxe4 Re8 14. Nb5 Na6 15. Nd6 Re6 16. e5 $5 Rxe5 17. Bf3 $44 Rc5 18. Nd4 Nb4 19.
Nb3 $6 (19. Nxb7 Bxb7 20. Bxb7 Rd8 21. Nb3 $10) 19... Rc7 20. Bg5 Nbd5 21. Rad1
Be6 {0-1 Greenfeld,A-Leko,P/Budapest 1996/CBM 56/[Ribli] (41)}) 6... Ne4 7. Nf3
d6 (7... Qe7 {[%cal Ge7b4,Ge7e5]}) 8. Qd5 f5 (8... Bf5 9. Qxb7 Nd7 $44 {
Weiss hat einen Bauern mehr, aber Schwarz hat gutes Figurenspiel und
Entwicklungsvorteil.}) (8... Nc5 9. Bg5) 9. exf6 Nxf6 10. Qd1 O-O 11. Be2 Nc6
$11 {Schwarz hat gutes Figurenspiel und schnelle Entwicklung. Der kleine
weisse Zentrumsvorteil hat keine grosse Bedeutung.} 12. Nc3 {[%csl Yd5] In
solchen Stellungen hat Weiss starken Druck gegen das wichtige Zentrumsfeld d5.}
Bf5 13. O-O Qd7 (13... Ne4 $4 14. Qd5+ $18 {[%cal Rd5g8,Rc3e4]}) 14. h3 Rae8 {
[%cal Gf5b1,Gg7a1,Ge8e2] Schwarz kann zufrieden sein mit demErgebnis der
Eröffnung - er kontrolliert alle wichtigen Punkte im Zentrum.} 15. Be3 Ne4 16.
Nxe4 Bxe4 17. Ng5 Bf5 (17... Bxb2 18. Nxe4 Rxe4 (18... Bxa1 19. Qd5+ Qf7 20.
Rxa1 Qxd5 21. cxd5 Rxe4 (21... Nb4 22. Bf3 Nxd5 23. Nxd6 Rxf3 24. Nxe8 Rf8 25.
Nxc7 (25. Rd1 $2 Nxe3 $17) 25... Nxc7 26. Bxa7 $16) 22. dxc6 bxc6 $14) 19. Rb1
Bd4 20. Bf3 Rxe3 21. fxe3 (21. Bd5+ Re6 $17) 21... Bxe3+ 22. Kh1 $16) 18. Qd2
h6 (18... b6 $11) (18... Kh8 $11) 19. Nf3 Be4 (19... Kh7 $11) 20. Nh2 {Weiss
befreit sich von Motiven mit Rxf3.} (20. Bxh6 Bxf3 21. Bxf3 Rxf3 22. gxf3 Ne5
$44 {[%csl Rf3][%cal Re5f3,Rf3d2,Rf3g1] Weiss hat Qualität und Bauern mehr,
aber Schwarz hat Gegenchancen am Königsflügel.}) 20... Qe7 21. Rad1 (21. Bxh6
$6 Bxg2 22. Bxg7 Kxg7 $132) 21... Qf6 {[%csl Rb2][%cal Rg7b2]} 22. b3 g5 {
Schwarz gewinnt Raum am Königsflügel, aber gleichzeitig schwächt er seine
Königsstellung.} (22... Kh7 23. Ng4 Qh4 $11) 23. Bh5 (23. f4 $5 $14) 23... Bg6
(23... Re7 24. f4 $14) 24. Bf3 (24. Bxg6 Qxg6 $11) 24... Be4 25. Bh5 Bg6 26.
Qd5+ $5 {Weiss ist nicht zufrieden mit der Zugwiederholung.} Kh7 (26... Bf7 27.
Ng4 $36) 27. Bf3 a6 $6 {Schwarz verteidigt sich gegen 28.Qb5, aber der Textzug
ist passiv.} (27... Qc3 $11 28. Qb5 Bc2 $132) 28. c5 dxc5 (28... Bf7 29. Qd2
dxc5 30. Bxc5 Rd8 31. Be4+ $14) (28... Re5 $2 29. Ng4 $16 {[%cal Rg4f6,Rg4e5]})
29. Qxc5 $14 {[%cal Gf3b7,Ge3a7,Gh2g4] Weiss hat etwas Initiative und einen
kleinen positionellen Druck am Damenflügel, weil die schwarze Königsstellung
in einigen Varianten schwach werden kann.} Be4 30. Bxe4+ Rxe4 31. Nf3 Qe7 $2 {
Schwarz möchte die Stellung vereinfachen, aber eigentlich ist das vorteilhaft
für Weiss.} (31... Re7 $14) (31... b6 $14) 32. Qxe7 $1 Nxe7 (32... Rxe7 33. Bc5
$16 {[%csl Re7,Rf8][%cal Rc5f8]}) 33. Rd7 $16 {[%csl Gd7][%cal Rd7b7] Weiss
hat grosse Initiative - es hängt der Pc7 und es droht 34.Bxg5.} Kg6 {[%csl Gd7]
} (33... Rc8 34. Bxg5 $1 $16 {[%csl Re4,Rh7]}) 34. Rxc7 {[%csl Rb7,Re7][%cal
Re3c5,Rc5f8]} Nd5 35. Rxb7 Nxe3 36. Re1 $1 {Dieser Zug ist viel stärker als
das automatische Wiederschlagen 36.fxe3.} (36. fxe3 Rxe3 37. Rb6+ Rf6 38. Rxf6+
Bxf6 39. Kf2 Rc3 40. Re1 $16) 36... Bd4 {Dieser Zug verliert, aber guter Rat
ist schon teuer.} 37. Nxd4 Rxd4 38. Rxe3 $18 {Weiss hat zwei Bauern mehr und
der schwarze König steht schlecht.} Rd1+ 39. Kh2 Rxf2 40. Rb6+ {[%cal Rb6a6,
Rb6g6]} Kf5 (40... Rf6 41. Ree6 $18) 41. Rxh6 Kf4 42. Re8 {[%csl Rf4][%cal
Rh6f6,Rf6f4] Der schwarze König befindet sich im Mattnetz und er hat zwei
Bauern weniger - so gab er auf.} 1-0

[Event "Bundesliga 0304"]
[Site "Germany"]
[Date "2003.12.12"]
[Round "7.6"]
[White "Poldauf, Dirk"]
[Black "Kalinitschew, Sergey"]
[Result "1-0"]
[WhiteElo "2404"]
[BlackElo "2519"]
[Annotator "Ribli,Z"]
[PlyCount "69"]
[EventDate "2003.11.01"]
[EventType "team-tourn"]
[EventRounds "15"]
[EventCountry "GER"]
[SourceTitle "CBM 099"]
[Source "ChessBase"]
[SourceDate "2004.03.30"]
[SourceVersion "1"]
[SourceVersionDate "2004.03.30"]
[SourceQuality "1"]
[WhiteTeam "Neukoelln"]
[BlackTeam "Kreuzberg"]
[WhiteTeamCountry "GER"]
[BlackTeamCountry "GER"]

1. c4 b6 2. Nc3 e6 3. e4 Bb7 4. Nge2 {Dieser Springerzug wird selten gespielt
in Großmeisterturnieren, aber das ist die Lieblingswaffe des deutsche Spielers.
Gewöhnlich spielt man 4.d4 oder 4.Nf3.} f5 {Mit diesem Zug möchte Schwarz die
Stellung öffnen, aber die Alternative 4...Nf6 scheint mir logischer.} (4... d5
5. exd5 exd5 6. Nxd5 Nf6 7. Nec3 Nxd5 8. Nxd5 Bxd5 9. cxd5 Qxd5 10. Be2 Nc6 11.
O-O Nd4 12. Re1 O-O-O {0-1 Rasmussen,C-Speelman,J/Copenhagen 2001/CBM 83 ext 
(36)}) (4... Nf6 $5 5. d3 d5 (5... c5 6. g3 d5 7. exd5 exd5 8. Bg2 Qd7 9. O-O
d4 10. Ne4 Nxe4 11. dxe4 Bd6 12. Bd2 O-O 13. Nc1 f5 14. Re1 Qe6 15. Nd3 Re8 16.
f3 fxe4 17. fxe4 Nd7 18. Bf4 Bxf4 19. gxf4 Qg6 {0-1 Poldauf,D-Jackelen,T/
Germany 2002/EXT 2003 (83)}) 6. cxd5 exd5 7. e5 Nfd7 8. d4 c5 9. f4 Nc6 10. Be3
Na5 11. Ng3 h5 12. h4 Rc8 13. Be2 cxd4 14. Bxd4 Nc6 15. e6 Nc5 16. exf7+ Kxf7
17. Bxh5+ Kg8 18. Bf3 Nxd4 19. Qxd4 Ne4 {0-1 Poldauf,D-Hertneck,G/Bundesliga
2003/(38)}) 5. exf5 {Diese Fortsetzung ist viel natürlicher, als die
Alternative 5.d3?!.} (5. d3 $6 fxe4 6. dxe4 Nf6 7. f3 Bc5 8. Ng3 Nc6 9. Bd3 (9.
Na4 Bb4+ 10. Bd2 Qe7 $15) 9... O-O 10. f4 $6 e5 $15 11. f5 Nb4 (11... Nd4 $15)
12. Bb1 (12. Be2 $15) 12... a5 13. Bg5 h6 14. h4 $6 (14. Bxf6 Qxf6 $15) (14.
Bh4 $5) 14... hxg5 15. hxg5 Nh7 16. Rxh7 (16. Qh5 Qxg5 17. Qxh7+ Kf7 18. Qh5+
Qxh5 19. Rxh5 Rh8 $17) 16... Qxg5 17. Rh3 Qe3+ 18. Qe2 Kf7 $1 {0-1 Poldauf,
D-Bunzmann,D/Germany 2003/CBM 94/[Ribli] (36)}) 5... exf5 6. d4 (6. Nf4 Nf6 7.
Be2 Bd6 8. d4 O-O 9. O-O Nc6 10. c5 Bxf4 11. Bxf4 Ne7 12. Bf3 Ne4 13. Re1 Ng6
14. Bxe4 Bxe4 15. Nxe4 Nxf4 16. Nc3 Qg5 17. Qf3 {1/2-1/2 Miezis,N-Czebe,A/
Baden 2000/EXT 2001 (21)}) 6... Nf6 7. Qd3 g6 (7... Be4 8. Qd2 (8. Qe3 $5) 8...
Bb4 9. a3 Bxc3 10. Nxc3 Qe7 11. Kd1 (11. Qe3 Nc6 $5 (11... f4 12. Qe2 f3 13.
gxf3 Bxf3 14. Qxe7+ Kxe7 15. Rg1 $14)) 11... O-O 12. f3 Bb7 13. Bd3 Nc6 14. Re1
Qf7 15. d5 Nd4 16. Qf4 Nb3 17. Rb1 c6 18. d6 Nc5 19. Re7 Nxd3 20. Rxf7 Nxf4 21.
Rxf8+ Rxf8 22. Bxf4 {1/2-1/2 Miezis,N-Ward,C/Port Erin 1998/CBM 67 ext (57)})
8. Bg5 (8. Bf4 $5 $14) 8... h6 (8... Be7 $142) (8... Bg7 $142) 9. Bf4 Kf7 {
Dieser Königszug ist erzwungen - wegen der weißen Drohung 10.Qg3.} (9... Bg7 $2
10. Qg3 $18 {[%cal Rg3g6,Rg3c7]}) 10. h4 (10. O-O-O $14) 10... Bg7 11. O-O-O
Nc6 12. d5 (12. a3) 12... Nb4 13. Qd2 Na6 {[%cal Ga6c5,Gc5e4]} 14. Nd4 $14 {
[%csl Rb7,Gd4,Gd5,Rf7] Weiß hat Raumvorteil und eine bequeme Stellung, der b7B
steht eingeschlossen und die schwarze Königsstellung ist unsicher.} Nc5 15. Qc2
{Die weiße Dame geht weg, damit Nfe4 oder Nce4 nicht mit Tempo erfolgt.} (15.
Ncb5 Rc8 16. Nxa7 Nfe4 17. Qc2 Ra8 $132) (15. Be2 $14) 15... Re8 (15... Nh5 16.
Be3 f4 {Es scheint, dass Schwarz Material gewinnt, aber Weiß hat eine sehr
starke Antwort.} 17. g4 $1 fxg3 (17... fxe3 18. gxh5 gxh5 19. fxe3 $16 {
[%csl Rf7]}) 18. Be2 $36) 16. Be2 Nfe4 17. Nxe4 (17. h5 $6 g5 18. Nxe4 Nxe4 19.
Be3 (19. Ne6 dxe6 20. dxe6+ Rxe6 21. Rxd8 Rxd8 $36) 19... f4 20. Bf3 (20. Nf5
fxe3 21. Nxg7 Kxg7 22. f3 Qe7 (22... Nf6 23. Qg6+ Kh8 24. Qxh6+ Nh7 25. Bd3 Qe7
26. Bxh7 Qxh7 27. Qxg5 b5 $17) 23. fxe4 Qxe4 24. Qc3+ Qe5 25. Qc2 Qe4 $11)
20... Nd6 21. Qg6+ Kg8 22. Bd2 Qf6 23. Bc3 $13) 17... Rxe4 18. Be3 Rxh4 {[#]}
19. Ne6 $2 {[%cal Gd1d8] Dieser Zug ist sehr schön, aber in Wirklichkeit nicht
besonders gut.} (19. Nf3 Rxh1 20. Rxh1 $44) 19... Qf6 $2 (19... dxe6 $1 20.
dxe6+ Nxe6 21. Rxd8 Rxh1+ 22. Rd1 Rxd1+ 23. Bxd1 (23. Qxd1 Rd8 24. Qa4 f4 25.
Bd2 Bxb2+ $19) 23... f4 24. Bd2 Bxg2 $17 {Schwarz hat Turm, Springer und zwei
Bauern für die Dame, was mehr ist, als ein ausreichender Ersatz.}) 20. Rxh4
Qxh4 21. Nxc7 $14 (21. Nxc5 bxc5 22. Bxc5 Qg5+ 23. Kb1 Qxg2 $13) (21. Nxg7 Kxg7
22. Qc3+ Kf7 23. g3 $40) 21... Rc8 22. Nb5 {[%csl Gb5][%cal Rb5d6,Rd6c8,Rd6f7]}
Qe7 (22... Ne4 23. f3 Qg3 24. fxe4 Qxe3+ 25. Kb1 $16 {[%cal Rb5d6,Rd6f7,Rd6c8,
Ge4f5]}) 23. g4 $1 {Wegen der geschwächten schwarzen Königsstellung möchte
Weiß Linien öffnen.} a6 24. Nc3 fxg4 25. Bxg4 b5 {[%cal Gc8c1] Schwarz möchte
am Damenflügel Gegenspiel finden.} 26. Rg1 {[%cal Gc2g6,Gg1g6]} bxc4 27. Be6+
$1 $16 {[%mdl 64] Wieder ein Figurenopfer auf e6, aber das Läuferschach ist
viel stärker als 19.Ne6?.} Kf8 (27... dxe6 28. Qxg6+ Kf8 29. Bxh6 $16) 28. Qxg6
Nd3+ 29. Kb1 dxe6 30. Bxh6 Rc7 31. d6 $1 $18 {[%cal Rd6c7,Rd6e7] Mit diesem
schönen Zwischenzug bekommt Weiß entscheidenden Vorteil.} Qxd6 32. Bxg7+ Ke7
33. Qf6+ $2 (33. Bf8+ $1 Kxf8 34. Qg8+ Ke7 35. Qh7+ Kf6 36. Rg6+ Ke5 37. Qh8+
Kf4 38. Qf6#) 33... Kd7 34. Bf8 Qf4 $4 {[%mdl 8192]} (34... Qe5 $8 35. Qe7+ Kc6
36. Qa3 $13) 35. Qe7+ (35. Qe7+ Kc6 (35... Kc8 36. Qe8#) 36. Qxe6+ $18) 1-0

[Event "New York WFW"]
[Site "New York"]
[Date "1990.??.??"]
[Round "?"]
[White "Mednis, Edmar John"]
[Black "Hodgson, Julian M"]
[Result "1-0"]
[WhiteElo "2450"]
[BlackElo "2555"]
[Annotator "Ribli,Z"]
[PlyCount "115"]
[EventDate "1990.09.??"]
[EventType "tourn"]
[EventRounds "9"]
[EventCountry "USA"]
[EventCategory "11"]
[SourceTitle "CBM 020"]
[Source "ChessBase"]
[SourceDate "1991.02.01"]
[SourceVersion "1"]
[SourceVersionDate "1991.02.01"]
[SourceQuality "1"]

1. c4 g5 $2 2. d4 Bg7 3. Nc3 (3. Bxg5 c5 $1) 3... h6 4. e4 d6 5. Be3 Nc6 6.
Nge2 Nf6 7. f3 a6 8. Qd2 Rb8 9. Nc1 Bd7 10. Nb3 e6 11. O-O-O b6 12. Kb1 Nh5 13.
g3 e5 14. Be2 a5 15. dxe5 dxe5 16. c5 a4 17. Nxa4 Nd4 18. Nc3 bxc5 19. Nxc5 O-O
20. Nb3 c5 21. Nxc5 Bc6 22. Nb3 Rxb3 23. axb3 Qa8 24. Bxd4 exd4 25. Nb5 Rd8 26.
Bc4 g4 27. Nc7 Qa7 28. Nd5 gxf3 29. Qd3 Kh8 30. Qxf3 f5 31. Qxf5 Ra8 32. Kc2
Qa2 33. Kd3 Bb5 (33... Qxb2 34. Rd2 $18) 34. Bxb5 Qxb3+ 35. Kd2 Rf8 36. Qxf8+
Bxf8 37. Be2 Qxb2+ 38. Ke1 Bd6 $2 (38... Ng7) 39. Bxh5 Qg2 40. Rf1 Qxh2 41. Be2
Qxg3+ 42. Kd2 Qb3 43. Rf3 Qb2+ 44. Ke1 Be5 45. Kf2 Bg7 46. Rdd3 Qb8 47. Rh3 Qe8
48. Rb3 Qf8+ 49. Rbf3 Qc5 50. Bd3 Qc1 51. Nf4 Qd2+ 52. Ne2 Be5 53. Rf5 Bg7 54.
Rb5 Bf6 55. Rb8+ Kg7 56. Rb7+ Kh8 57. Rf3 Qg5 58. Rb8+ 1-0

[Event "ARG-World"]
[Site "Buenos Aires"]
[Date "1994.??.??"]
[Round "9"]
[White "Sunye Neto, Jaime"]
[Black "Hoffman, Alejandro"]
[Result "1-0"]
[WhiteElo "2530"]
[BlackElo "2540"]
[Annotator "Ribli,Z"]
[PlyCount "83"]
[EventDate "1994.04.??"]
[EventType "schev"]
[EventRounds "10"]
[EventCountry "ARG"]
[SourceTitle "CBM 042"]
[Source "ChessBase"]
[SourceDate "1994.10.01"]
[SourceVersion "1"]
[SourceVersionDate "1994.10.01"]
[SourceQuality "1"]

1. c4 b6 2. Nc3 Bb7 3. e4 e6 4. Nf3 Bb4 5. Bd3 $5 (5. Qb3 Na6 $1 (5... Bxc3 $6
6. Qxc3 Bxe4 7. Qxg7 Qf6 8. Qxf6 Nxf6 9. Be2 $14 {Smejkal,J-Miles,A/Reykjavik/
1978/}) 6. Be2 (6. a3 Nc5 $1 7. Qc2 (7. Qxb4 $2 a5 8. Qb5 Bc6 $17) 7... Bxc3 8.
Qxc3 Nxe4 9. Qxg7 Qf6 10. Qxf6 Ngxf6 $10 {Cramling,D-Schussler,H/Sweden/1993/})
6... Ne7 7. O-O O-O 8. d3 $13 {Serper,G-Yermolinsky,A/Luzern WchT/1993/}) 5...
Ne7 6. O-O (6. a3 $6 Bxc3 7. dxc3 d6 8. O-O Nd7 9. b4 O-O 10. Re1 Ng6 $13 {
Ostenstad,B-Kengis,E/Gausdal International/1991/}) 6... O-O 7. Re1 f5 8. exf5
$5 (8. a3 Bxc3 9. dxc3 fxe4 10. Bxe4 Bxe4 11. Rxe4 Nbc6 12. Nd4 Qe8 $10 {
Friedgood,D-Keene,R/Cape Town/1976/}) (8. e5 $2 Ng6 9. Bf1 Bxf3 10. Qxf3 Nc6
$17 {Huebner,R-Miles,A/Bad Lauterberg/1977/}) 8... Nxf5 9. Be4 Bxe4 (9... Nc6
10. d4 $14) 10. Rxe4 (10. Nxe4 Nh4 11. Nxh4 Qxh4 12. a3 Be7 13. d4 Nc6 14. d5
Ne5 $36) 10... Bxc3 11. dxc3 Nc6 12. Bf4 Rc8 13. Qd3 Qe8 14. Rae1 $5 (14. Rd1
d6 $10) 14... h6 15. b4 Qe7 16. a3 g5 (16... Rf7 $5) 17. Bc1 Rf7 18. Rg4 Rg7 (
18... Rcf8 $2 19. h4 $1 $18) 19. c5 $1 bxc5 20. b5 c4 (20... Nd8 21. c4 $44)
21. Qxc4 Nd8 22. Qd3 Qd6 23. Qe2 Nf7 24. Nd4 Nh4 (24... Nxd4 25. Rxd4 Qe7 26.
c4 $16) 25. g3 Ng6 26. Re4 (26. c4 $5) 26... Qb6 27. c4 Nd6 28. Nxe6 $1 dxe6
29. Rxe6 Qb7 (29... Qc5 30. Bb2 Qxc4 31. Qh5 Qd3 32. Qxh6 $18) 30. Bb2 Rf8 31.
c5 Nf5 (31... Nxb5 32. Bxg7 Kxg7 33. Qb2+ Kh7 34. Re7+ $18) 32. Bxg7 Kxg7 33.
Qd3 g4 34. R1e4 h5 35. Rc6 Qc8 36. b6 Qd8 37. Rxc7+ Kh6 38. Qxd8 Rxd8 39. Re6
Rd1+ 40. Kg2 Nd4 41. Rd6 h4 42. gxh4 1-0